000 00576nam a2200181Ia 4500
008 100921s9999 xx 000 0 und d
082 _b22449
_a891.463 थ 84
100 _aमडकईकर भालचंद्र.
245 _aवटवृक्ष.
260 _bप्रिया प्रकाशन, मुंबई.
_c1984
300 _a224
_b---
365 _b45
520 _aललित-कादंबरी.
630 _aवटवृक्ष.
650 _aललित-कादंबरी.
730 _aवटवृक्ष.
942 _cBOOK
999 _c771562
_d771559